00669nam a2200181Ia 4500008004100000041000800041082001700049100001800066245006400084250001200148260004300160300000800203365001500211700001800226906003000244999001900274952019400293230718s9999 xx 000 0 und d aeng a621.381bGOT aGothmann W.H. aDigital ElectronicsbAn Introduction to Theory and Practice a2nd ed. c1995bPrentice Hall of India Pvt. Ltd. a383 cRs.b95.00 aGothmann W.H. dDonated by ShrilatacETC  c313853d313853 00104070aCCEPbCCEPd2006-06-14eMasurkar EnterPritam BooksesfETC g95.00iDonated by Shrilatal8o621.381pCCEP-BK-25060r2025-12-06 12:44:55s2025-11-12v95.00w2006-05-17yBKz025060